Ophelia / by Lisa M. Klein.
Available copies
- 1 of 2 copies available at LARL/NWRL Consortium.
- 1 of 1 copy available at Lake Agassiz Regional Library. (Show preferred library)
Current holds
0 current holds with 2 total copies.
View other formats and editions
Show Only Available Copies
| Location | Call Number / Copy Notes | Barcode | Shelving Location | Status | Due Date |
|---|---|---|---|---|---|
| Moorhead Public Library | Y KLE (Text) | 33500009062555 | Main | Available | - |
| Roseau Public Library | ya KLE (Text) | 35500006061673 | Main | Checked out | 07/13/2026 |
Record details
- ISBN: 1582348014
- ISBN: 9781599902289 (pbk.)
- Physical Description: 328 p. ; 22 cm.
- Edition: 1st U.S. ed.
- Publisher: New York : Bloomsbury Children's Books, 2006.
Content descriptions
| Summary, etc.: | In a story based on Shakespeare's Hamlet, Ophelia ... Read More |
Search for related items by subject
| Subject: | Revenge > Fiction. Murder > Fiction. Princes > Fiction. |
| LDR | 01417cam a22003738a 4500 | ||
|---|---|---|---|
| 001 | 73946 | ||
| 003 | LARL_NWRL_CONSORTIUM | ||
| 005 | 20061031145550.0 | ||
| 008 | 051118s2006 nyu d 000 1 eng | ||
| 010 | . | ‡a2005032601 | |
| 020 | . | ‡a1582348014 | |
| 020 | . | ‡a9781599902289 (pbk.) | |
| 024 | 3 | . | ‡a9781582348018 |
| 035 | . | ‡a(OCoLC)62392992 | |
| 040 | . | ‡aDLC ‡cDLC ‡dBAKER | |
| 042 | . | ‡alcac | |
| 082 | 0 | 0. | ‡a[Fic] ‡222 |
| 100 | 1 | . | ‡aKlein, Lisa M., ‡d1958- ‡0(LARL_NWRL_CONSORTIUM)187642 |
| 245 | 1 | 0. | ‡aOphelia / ‡cby Lisa M. Klein. |
| 250 | . | ‡a1st U.S. ed. | |
| 260 | . | ‡aNew York : ‡bBloomsbury Children's Books, ‡c2006. | |
| 300 | . | ‡a328 p. ; ‡c22 cm. | |
| 520 | . | ‡aIn a story based on Shakespeare's Hamlet, Ophelia tells of her life in the court at Elsinore, her love for Prince Hamlet, and her escape from the violence in Denmark. | |
| 650 | 1. | ‡aRevenge ‡vFiction. ‡0(LARL_NWRL_CONSORTIUM)167017 | |
| 650 | 1. | ‡aMurder ‡vFiction. ‡0(LARL_NWRL_CONSORTIUM)165989 | |
| 650 | 1. | ‡aPrinces ‡vFiction. ‡0(LARL_NWRL_CONSORTIUM)166668 | |
| 700 | 1 | . | ‡aShakespeare, William, ‡d1564-1616. ‡tHamlet. ‡0(LARL_NWRL_CONSORTIUM)62338 |
| 901 | . | ‡a73946 ‡bOCLC ‡c73946 ‡tbiblio | |

Add to basket
Permalink
Disable Highlighting